Avery's diseases of the newborn /

Completely revised and updated, Avery's Diseases of the Newborn, 11th Edition, remains your #1 choice for clinically focused, cutting-edge guidance on the evaluation, diagnosis, and treatment of diseases of the newborn. Drs. Christine A. Gleason, Taylor Sawyer, and a team of expert contributing...

Full description

Bibliographic Details
Corporate Author: ScienceDirect (Online service)
Other Authors: Gleason, Christine A. (Editor), Sawyer, Taylor (Editor)
Format: eBook
Language:English
Published: Philadelphia, PA : Elsevier, [2024]
Edition:Eleventh edition.
Subjects:
Online Access:Connect to the full text of this electronic book

MARC

Tag First Indicator Second Indicator Subfields
LEADER 00000cam a22000001i 4500
001 in00005771639
005 20260327174326.5
006 m o d
007 cr |||||||||||
008 230327t20242024paua ob 000 0 eng d
040 |a UKMGB  |b eng  |e rda  |e pn  |c UKMGB  |d USU  |d OPELS  |d KOS  |d NUI  |d INM  |d OCLCF  |d OCLCO  |d OCLCQ  |d YDX  |d OCLCQ  |d OCLCL  |d UKAHL  |d SXB  |d OCLCL  |d VRC  |d OCLCQ 
015 |a GBC364328  |2 bnb 
015 |a GBC3F8798  |2 bnb 
016 7 |a 021007743  |2 Uk 
016 7 |a 021174875  |2 Uk 
019 |a 1361671680  |a 1388208535  |a 1389485587  |a 1393098555  |a 1400107939 
020 |a 9780323828246  |q (ePub ebook) 
020 |a 0323828248  |q (ePub ebook) 
020 |z 9780323828239  |q (hardcover) 
020 |z 032382823X  |q (hardcover) 
035 |a (OCoLC)1376263772  |z (OCoLC)1361671680  |z (OCoLC)1388208535  |z (OCoLC)1389485587  |z (OCoLC)1393098555  |z (OCoLC)1400107939 
037 |a 9780323828246  |b Ingram Content Group 
050 4 |a RJ254  |b .A84 2024 
060 4 |a WS 421 
072 7 |a MED  |x 069000  |2 bisacsh 
072 7 |a MED  |x 058080  |2 bisacsh 
072 7 |a MJWN  |2 bicssc 
082 0 4 |a 618.9201  |2 23 
049 |a TXAM 
245 0 0 |a Avery's diseases of the newborn /  |c [edited by] Christine A. Gleason, Taylor Sawyer. 
246 3 0 |a Diseases of the newborn 
250 |a Eleventh edition. 
264 1 |a Philadelphia, PA :  |b Elsevier,  |c [2024] 
264 4 |c ©2024 
300 |a 1 online resource (1422 pages) :  |b illustrations (black and white, and colour) 
336 |a text  |b txt  |2 rdacontent 
337 |a computer  |b c  |2 rdamedia 
338 |a online resource  |b cr  |2 rdacarrier 
500 |a Previous edition issued in print: 2018. 
504 |a Includes bibliographical references. 
505 0 |a Overview -- Fetal Growth and Development -- Maternal Conditions Affecting Pregnancy Outcomes -- Labor and Delivery -- Essentials of Newborn Care -- High-Risk Newborn Care -- Genetics -- Metabolic Disorders of the Newborn -- Immunology and Infections -- Respiratory System -- Cardiovascular System -- Neurologic System -- Gastrointestinal System and Nutrition -- Hematologic System and Disorders of Bilirubin Metabolism -- Neoplasia -- Renal and Genitourinary System -- Endocrine Disorders -- Craniofacial and Orthopedic Conditions -- Dermatologic Conditions -- Eyes and Ears. 
520 |a Completely revised and updated, Avery's Diseases of the Newborn, 11th Edition, remains your #1 choice for clinically focused, cutting-edge guidance on the evaluation, diagnosis, and treatment of diseases of the newborn. Drs. Christine A. Gleason, Taylor Sawyer, and a team of expert contributing authors provide comprehensive, up-to-date coverage of every key disease and condition affecting newborns, keeping you current in this fast-changing field. You'll find the specific strategies you need to confidently provide care for this unique patient population, in a full-color, easy-to-use single volume that focuses on key areas of practice. 
588 0 |a Online resource; title from table of contents page (Elsevier ClinicalKey, viewed July 6, 2023). 
650 0 |a Newborn infants  |x Diseases. 
650 1 2 |a Infant, Newborn, Diseases 
650 6 |a Nouveau-nés  |x Maladies. 
650 7 |a Newborn infants  |x Diseases  |2 fast 
655 7 |a Electronic books.  |2 local 
700 1 |a Gleason, Christine A.,  |e editor  |1 https://id.oclc.org/worldcat/entity/E39PCjCfm6kk8vbFt8wC9pfDYK  |1 https://isni.org/isni/0000000384314498 
700 1 |a Sawyer, Taylor,  |e editor. 
710 2 |a ScienceDirect (Online service) 
758 |i has work:  |a Avery's diseases of the newborn (Text)  |1 https://id.oclc.org/worldcat/entity/E39PCFGrf6kJFQjQKQCKGXq6Vd  |4 https://id.oclc.org/worldcat/ontology/hasWork 
776 0 8 |i Print version:  |t Avery's diseases of the newborn.  |b Eleventh edition.  |d Amsterdam : Elsevier, 2023  |z 9780323828239  |w (OCoLC)1378022223 
856 4 0 |u http://proxy.library.tamu.edu/login?url=https://www.sciencedirect.com/science/book/9780323828239  |z Connect to the full text of this electronic book  |t 0 
955 |a Elsevier ScienceDirect 2026-2027 
994 |a 92  |b TXA 
999 f f |i 0049dc90-c9bb-4af2-9561-6333cf60c3e7  |s d7193e5e-06f9-4412-804a-0eecc2cc6cbc  |t 0 
952 f f |a Texas A&M University  |b College Station  |c Electronic Resources  |s www_evans  |d Available Online  |t 0  |e RJ254 .A84 2024  |h Library of Congress classification 
998 f f |a RJ254 .A84 2024  |t 0  |l Available Online